| 000 | 00735nam a22002292 4500 | ||
|---|---|---|---|
| 001 | 0000021089 | ||
| 005 | 20151021152607.0 | ||
| 008 | 120111s xx 000 0 eng d | ||
| 020 | _a8170366782 : | ||
| 040 |
_aKABU _cKAB |
||
| 245 | 1 | 0 |
_aOrganization development : _binterventions and strategies / _cedited by S. Ramnarayan, T. V. Rao, Kuldeep Singh. |
| 250 | _a1st ed. | ||
| 260 |
_aNew Delhi : _bSage, _c1998. |
||
| 300 | _a408 p. | ||
| 650 | 0 |
_aOrganizational change. _@0000150813 |
|
| 700 | 1 |
_aRamnarayan, S. _@0000150850 |
|
| 700 | 1 |
_aRao, T. V. _@0000151774 |
|
| 700 | 1 |
_aSingh, Kuldeep. _@0000181775 |
|
| 852 | 1 | _9p1510 KES | |
| 908 | _a120111 | ||
| 950 | _@1 | ||
| 999 |
_c1667 _d1667 |
||